000 00264nam a2200097Ia 4500
008 220204s9999 xx 000 0 und d
082 _a338.45:678.5
_bUNI
245 0 _aTransnational corporations in the plastics industry
260 _aNew York
_bUN
_c1990
942 _cBK
999 _c40381
_d40381